00985nab a22002057a 4500999001500000003000400015005001700019008004100036040000700077100003500084245010900119260007200228300001300300505018000313505008900493650002300582650003600605773012500641942001300766 c6077d6077OSt20260121181920.0190502c xxu||||| |||| 00| 0 spa d cPJ 96852aTraversone, Juan Franco 1 aDebate sobre la garantía de doble conforme en el sistema judicial argentino /cJuan Franco Traversone. aCiudad Autónoma de Buenos Aires :bThomson Reuters La Ley,c2024. ap. 42-50 aAnálisis jurisprudencial del procesamiento con enfoque en el doble conforme: evaluación a partir del precedente “Diez” y el reciente fallo “Juárez” de la CSJN.  t¿Te interesa el texto completo? Solicitalo al correo: koha@justierradelfuego.gov.ar 09343aDERECHO PENAL 09699aFALLOS DE LA CORTE SUPREMA0 0272993180dBuenos Aires : LexisNexis, 2006-tRevista de derecho penal y procesal penal. Nº 3 - Marzo 2024z9875920622 2udccANA